[Event "Lichtenberger Sommer 2017"]
[Site "Berlin"]
[Date "2017.08.22"]
[Round "4.88"]
[White "Ellert, Oliver"]
[Black "Scholta, Danilo"]
[Result "1/2-1/2"]
[WhiteElo "1497"]
[BlackElo "1793"]
[PlyCount "49"]
[EventDate "2017.??.??"]
[WhiteTeam "SV Empor Berlin"]
[BlackTeam "SV Empor Berlin"]

1. e4 d5 2. exd5 Qxd5 3. Nc3 Qa5 4. d4 c6 5. Bf4 Bf5 6. Nf3 Nf6 7. Bd3 Bxd3 8.
Qxd3 e6 9. O-O Bb4 10. Ne4 Nxe4 11. Qxe4 Nd7 12. c3 Be7 13. Ne5 Nf6 14. Qf3 Qd5
15. Rfe1 Qxf3 16. Nxf3 Nd5 17. Be5 Nf6 18. Bxf6 Bxf6 19. Re4 O-O 20. Rae1 Rad8
21. Ne5 Bxe5 22. Rxe5 Rd7 23. f4 g6 24. h4 h5 25. R1e3 1/2-1/2

[Event "Lichtenberger Sommer 2017"]
[Site "Berlin"]
[Date "2017.08.22"]
[Round "4.89"]
[White "Kohlmeyer, Dagobert"]
[Black "Geisler, Oliver"]
[Result "1-0"]
[WhiteElo "1888"]
[BlackElo "1556"]
[PlyCount "87"]
[EventDate "2017.??.??"]
[WhiteTeam "SC Rochade (Berlin)"]
[BlackTeam "vereinslos"]

1. e4 e5 2. Nf3 Nf6 3. d4 exd4 4. e5 Nd5 5. Qxd4 Nb4 6. Qd1 d6 7. a3 N4c6 8.
Bf4 Qe7 9. Qe2 dxe5 10. Bxe5 Nxe5 11. Qxe5 Nc6 12. Qxe7+ Bxe7 13. Bd3 O-O 14.
Nc3 a6 15. O-O-O Bg4 16. Be4 Rab8 17. h3 Bxf3 18. Bxf3 Ne5 19. Bd5 c6 20. Bb3
Rfd8 21. f4 Nd7 22. g3 b5 23. Ne4 Nb6 24. Rhe1 c5 25. c3 c4 26. Bc2 h6 27. g4
Nd5 28. f5 a5 29. Rh1 b4 30. axb4 axb4 31. cxb4 Nxb4 32. Kb1 Nd3 33. Bxd3 cxd3
34. Nf2 Rb3 35. Ka2 Rdb8 36. Rd2 Bf6 37. Nxd3 Rxb2+ 38. Nxb2 Ra8+ 39. Kb1 Ra3
40. Rc2 g6 41. fxg6 fxg6 42. h4 Kf7 43. Rf1 Kg7 44. Rc7+ 1-0

[Event "Lichtenberger Sommer 2017"]
[Site "Berlin"]
[Date "2017.08.22"]
[Round "4.90"]
[White "Gnaß, Erhard"]
[Black "Karyah, Thomas"]
[Result "0-1"]
[WhiteElo "1466"]
[BlackElo "1664"]
[PlyCount "72"]
[EventDate "2017.??.??"]
[WhiteTeam "SK Zehlendorf"]
[BlackTeam "SC Zugzwang 95 (Berlin)"]

1. c4 d6 2. Nc3 Nf6 3. g3 g6 4. Bg2 c6 5. e3 Bg7 6. Nge2 e5 7. O-O Be6 8. b3 g5
9. d4 exd4 10. exd4 d5 11. c5 g4 12. Bg5 Nbd7 13. b4 h6 14. Bxf6 Nxf6 15. b5 h5
16. Qc2 Qd7 17. bxc6 bxc6 18. f4 gxf3 19. Rxf3 h4 20. Raf1 Nh7 21. Nf4 Bxd4+
22. Kh1 h3 23. Nxh3 Bxh3 24. Qe2+ Qe6 25. Bxh3 Qxe2 26. Nxe2 Bxc5 27. Rxf7 Ng5
28. Bd7+ Kd8 29. Rg7 Ne4 30. Bxc6 Rb8 31. Rd7+ Kc8 32. Rdf7 Rb2 33. Bd7+ Kb8
34. R7f3 Rxe2 35. Rb1+ Kc7 36. h4 Kxd7 0-1

[Event "Lichtenberger Sommer 2017"]
[Site "Berlin"]
[Date "2017.08.22"]
[Round "4.91"]
[White "Günther, Boris"]
[Black "Lange, Gregor Sebastian"]
[Result "1-0"]
[WhiteElo "1693"]
[BlackElo "820"]
[PlyCount "63"]
[EventDate "2017.??.??"]
[WhiteTeam "SF Friedrichshagen"]
[BlackTeam "TSG Oberschöneweide"]

1. d4 d5 2. c4 e6 3. Nc3 Nf6 4. cxd5 exd5 5. Bg5 Be7 6. e3 Nbd7 7. Bd3 h6 8.
Bf4 c5 9. dxc5 Nxc5 10. Bb5+ Bd7 11. Bxd7+ Qxd7 12. Nf3 O-O 13. O-O Nce4 14.
Be5 Nxc3 15. Bxc3 Rad8 16. Qb3 Bc5 17. Bxf6 gxf6 18. Qc3 Bd6 19. Qxf6 Be7 20.
Qxh6 Qd6 21. Qxd6 Rxd6 22. Rac1 Bf6 23. Rc7 Rb6 24. b3 Bd8 25. Rc8 Rc6 26. Rxc6
bxc6 27. Rc1 Re8 28. Rxc6 Be7 29. Nd4 a5 30. Kf1 Rd8 31. Ra6 Bb4 32. Nc6 1-0

[Event "Lichtenberger Sommer 2017"]
[Site "Berlin"]
[Date "2017.08.22"]
[Round "4.92"]
[White "Fontaine, Constantin"]
[Black "Fock, Amina"]
[Result "0-1"]
[WhiteElo "1519"]
[BlackElo "1587"]
[PlyCount "90"]
[EventDate "2017.??.??"]
[WhiteTeam "SK Tempelhof 1931"]
[BlackTeam "SC Zugzwang 95 (Berlin)"]

1. d4 d5 2. c4 e6 3. g3 Nf6 4. Bg2 c6 5. cxd5 exd5 6. Bg5 Nbd7 7. Nf3 Bd6 8.
Nbd2 h6 9. Bxf6 Nxf6 10. Ne5 Bf5 11. O-O O-O 12. Qb3 Qc7 13. f4 a5 14. Ndf3 a4
15. Qc3 Ne4 16. Qc1 f6 17. Nd3 Rfe8 18. Nh4 Bg4 19. Bf3 h5 20. Kg2 Qd7 21. Bxg4
Qxg4 22. Nf3 Bf8 23. Nf2 Nxf2 24. Rxf2 h4 25. Qc2 Re4 26. Nxh4 Rxd4 27. h3 Qh5
28. Nf3 Rc4 29. Qd3 Bc5 30. e3 Re8 31. g4 Qf7 32. g5 Bxe3 33. g6 Qd7 34. Nd2
Rxf4 35. Rxf4 Bxf4 36. Nc4 Qc7 37. Rf1 b5 38. Qf5 bxc4 39. Rxf4 Re5 40. Qg4 Rg5
41. Kf3 Rxg4 42. hxg4 Qe5 43. Rf5 Qxb2 44. g5 fxg5 45. Rf7 Qf6+ 0-1

[Event "Lichtenberger Sommer 2017"]
[Site "Berlin"]
[Date "2017.08.22"]
[Round "4.93"]
[White "Plaza Reino, Mateo"]
[Black "Junge, Wolfgang"]
[Result "1/2-1/2"]
[WhiteElo "1370"]
[BlackElo "1853"]
[PlyCount "55"]
[EventDate "2017.??.??"]
[WhiteTeam "Enniscorthy Chess Club"]
[BlackTeam "SC Friesen Lichtenberg"]

1. d4 Nf6 2. Bf4 e6 3. e3 c5 4. c3 Nc6 5. h3 d5 6. Nf3 cxd4 7. cxd4 Be7 8. Bd3
O-O 9. O-O Qb6 10. Qe2 Bd7 11. Nc3 Rac8 12. a3 Be8 13. Rac1 Qd8 14. Nd2 h6 15.
Bb5 Bd6 16. Bxd6 Qxd6 17. Bxc6 Bxc6 18. Nf3 Rfd8 19. Ne5 Be8 20. Nb5 Qb6 21.
Nc3 Ne4 22. Nxe4 dxe4 23. Qd2 Bb5 24. Rfd1 f6 25. Ng4 Qd6 26. Rxc8 Rxc8 27. Rc1
Rxc1+ 28. Qxc1 1/2-1/2

[Event "Lichtenberger Sommer 2017"]
[Site "Berlin"]
[Date "2017.08.22"]
[Round "4.94"]
[White "Dittrich, Hans-Georg"]
[Black "Ellert, Stefan"]
[Result "1-0"]
[WhiteElo "1742"]
[BlackElo "1355"]
[PlyCount "63"]
[EventDate "2017.??.??"]
[WhiteTeam "SG Stadtilm"]
[BlackTeam "SV Empor Berlin"]

1. e4 e5 2. Bc4 Bc5 3. Nf3 Nc6 4. c3 Nf6 5. d3 d6 6. Bb3 Be6 7. Bc2 d5 8. Qe2
dxe4 9. dxe4 Qd6 10. a4 a6 11. Na3 Rd8 12. Nc4 Bxc4 13. Qxc4 O-O 14. Bg5 Na5
15. Qe2 Ba7 16. O-O h6 17. Bh4 Rfe8 18. Rfd1 Qe6 19. Rxd8 Rxd8 20. b4 Nc6 21.
Nd2 Rd7 22. h3 Nh5 23. Rd1 Nf4 24. Qf3 Qg6 25. Nc4 Rxd1+ 26. Bxd1 f6 27. Bg3
Ne6 28. Bb3 Kh8 29. Ne3 Ng5 30. Qg4 Bxe3 31. Qc8+ Kh7 32. Bg8+ 1-0

[Event "Lichtenberger Sommer 2017"]
[Site "Berlin"]
[Date "2017.08.22"]
[Round "4.96"]
[White "Bastian, Reinhard"]
[Black "Kaufmann, Matthias"]
[Result "1-0"]
[WhiteElo "1675"]
[BlackElo "1516"]
[PlyCount "36"]
[EventDate "2017.??.??"]
[WhiteTeam "vereinslos"]
[BlackTeam "vereinslos"]

1. e4 c5 2. Nc3 g6 3. f4 d6 4. Nf3 Bg7 5. Bb5+ Nc6 6. Bxc6+ bxc6 7. O-O Ba6 8.
d3 Bxc3 9. bxc3 Qb6 10. c4 Rd8 11. Bd2 d5 12. Rb1 Qc7 13. Qe1 dxc4 14. Ba5 Qxf4
15. Bxd8 cxd3 16. c4 Bxc4 17. Nd2 Qxf1+ 18. Qxf1 Kxd8 1-0

[Event "Lichtenberger Sommer 2017"]
[Site "Berlin"]
[Date "2017.08.22"]
[Round "4.97"]
[White "David, Daniel"]
[Black "Dittrich, Hans-Juergen"]
[Result "1/2-1/2"]
[WhiteElo "1392"]
[BlackElo "1305"]
[PlyCount "114"]
[EventDate "2017.??.??"]
[WhiteTeam "SC Erkrath"]
[BlackTeam "SC Eintracht Berlin"]

1. e4 e5 2. Nf3 Nc6 3. Bb5 Nge7 4. Nc3 a6 5. Ba4 d5 6. Bxc6+ bxc6 7. Nxe5 dxe4
8. d4 exd3 9. Qxd3 Qxd3 10. Nxd3 Nd5 11. Ne2 Bd6 12. O-O O-O 13. c4 Bf5 14. Ne1
Nf6 15. Nd4 Bd7 16. Nef3 Rfe8 17. b3 c5 18. Nc2 Re2 19. Ne3 Ng4 20. h3 Nxe3 21.
Bxe3 Be6 22. Nd2 f5 23. g3 Bxg3 24. Bxc5 Rxd2 25. fxg3 h5 26. Be3 Re2 27. Rfe1
Rxe1+ 28. Rxe1 Rd8 29. Bf4 Kf7 30. Bxc7 Rd7 31. Bf4 g6 32. h4 Rd3 33. Re5 Rd1+
34. Kf2 Ra1 35. Ra5 Bc8 36. c5 Be6 37. Rxa6 Bxb3 38. c6 Rxa2+ 39. Rxa2 Bxa2 40.
c7 Be6 41. Ke3 Bc8 42. Kd4 Ke6 43. Kc5 Kd7 44. Kd5 Bb7+ 45. Ke5 Ke7 46. Bg5+
Kd7 47. Kf6 Bf3 48. Kxg6 Bg4 49. Bf4 Kc8 50. Kf6 Bh3 51. Ke6 Bg4 52. Be5 Bh3
53. Bd6 Bg4 54. Kf6 Bh3 55. Kg5 Bg4 56. Bf4 Kd7 57. Kf6 Bh3 1/2-1/2

[Event "Lichtenberger Sommer 2017"]
[Site "Berlin"]
[Date "2017.08.22"]
[Round "4.98"]
[White "Tschirschwitz, Stephan"]
[Black "Regel, Michael"]
[Result "1/2-1/2"]
[WhiteElo "1584"]
[BlackElo "1582"]
[PlyCount "114"]
[EventDate "2017.??.??"]
[WhiteTeam "Lasker Steglitz-Wilmersdorf"]
[BlackTeam "SC Friesen Lichtenberg"]

1. d4 Nf6 2. c4 e6 3. Nf3 b6 4. Bg5 Bb7 5. e3 Be7 6. Nc3 d5 7. Bd3 dxc4 8. Bxc4
O-O 9. O-O Nbd7 10. Qe2 Ne4 11. Bxe7 Qxe7 12. Rfd1 Ndf6 13. Ne5 Rfd8 14. Ba6 c5
15. Bxb7 Qxb7 16. f3 Nxc3 17. bxc3 cxd4 18. cxd4 Rac8 19. Rac1 Nd5 20. Qd2 a5
21. a3 a4 22. e4 Ne7 23. Qb4 b5 24. Rc5 Rxc5 25. Qxc5 f6 26. Nd3 Rc8 27. Qb4
Rc4 28. Qb2 Qb6 29. Nf2 b4 30. d5 b3 31. Rd2 exd5 32. exd5 Qc5 33. h3 Rc2 34.
Rxc2 bxc2 35. Qc1 Nxd5 36. Kf1 Ne3+ 37. Ke2 Nxg2 38. Nd3 Qe7+ 39. Kf2 Nh4 40.
Qxc2 Qa7+ 41. Qc5 Qa6 42. Qd5+ Kf8 43. Nc5 Qa7 44. Qd8+ Kf7 45. Qd7+ Qxd7 46.
Nxd7 Nf5 47. Nc5 Nd4 48. Nxa4 Nc2 49. Nc5 Nxa3 50. Kg3 g5 51. Kg4 Kg6 52. f4
h5+ 53. Kg3 Kf5 54. fxg5 fxg5 55. Nb3 Ke4 56. Nd2+ Ke3 57. Nf3 g4 1/2-1/2

[Event "Lichtenberger Sommer 2017"]
[Site "Berlin"]
[Date "2017.08.22"]
[Round "4.99"]
[White "Gläsmann, Christian"]
[Black "Wilke, Hans-Peter"]
[Result "0-1"]
[WhiteElo "1472"]
[BlackElo "1540"]
[PlyCount "60"]
[EventDate "2017.??.??"]
[WhiteTeam "SC Erkrath"]
[BlackTeam "Läufer Reinickendorf"]

1. e4 c5 2. c3 d6 3. d4 cxd4 4. cxd4 Nf6 5. Nc3 g6 6. Nf3 Bg7 7. Bc4 a6 8. Qb3
e6 9. Bg5 Qd7 10. e5 Ng8 11. exd6 Qxd6 12. Ne4 Qc7 13. O-O Nc6 14. d5 Na5 15.
Qc2 Qxc4 16. Qxc4 Nxc4 17. Rac1 exd5 18. Nfd2 Nxd2 19. Nxd2 Be6 20. b3 Be5 21.
Nf3 Bd6 22. Rfe1 Ne7 23. Nd4 Kd7 24. Nxe6 fxe6 25. Bxe7 Kxe7 26. f3 Rac8 27. h3
Bg3 28. Rxc8 Rxc8 29. Rd1 Rc2 30. a4 Rb2 0-1

[Event "Lichtenberger Sommer 2017"]
[Site "Berlin"]
[Date "2017.08.22"]
[Round "4.100"]
[White "Freude, Max"]
[Black "Jouani, Zakharia"]
[Result "1-0"]
[WhiteElo "1416"]
[BlackElo "1158"]
[PlyCount "113"]
[EventDate "2017.??.??"]
[WhiteTeam "SV Empor Berlin"]
[BlackTeam "Schachpinguine Berlin"]

1. d4 d5 2. Nf3 Nc6 3. c4 e6 4. Nc3 Nf6 5. e3 Bb4 6. Bd2 O-O 7. cxd5 exd5 8.
Bd3 Re8 9. O-O Bg4 10. Be2 Bxf3 11. Bxf3 g6 12. a3 Bd6 13. Nb5 h5 14. Nxd6 Qxd6
15. h3 Kg7 16. Qb3 g5 17. Bb4 Qd7 18. Bd1 a5 19. Bd2 Qd6 20. Qd3 Rh8 21. f4 g4
22. h4 Ne4 23. Be1 f5 24. Bc2 Ne7 25. Qe2 c5 26. Bxe4 dxe4 27. Bc3 cxd4 28.
Bxd4+ Kg6 29. Bxh8 Rxh8 30. Rad1 Qb6 31. Qd2 Kf7 32. Qd4 Qxd4 33. Rxd4 Ke6 34.
Rfd1 Nc8 35. Rd8 Rxd8 36. Rxd8 Nd6 37. b3 Nb5 38. a4 Nc3 39. Kf2 Na2 40. Rb8
Nc3 41. Ke1 Nd5 42. Kd2 Nb4 43. Rxb7 Nd3 44. Rb5 Nf2 45. Rxa5 Nh1 46. Re5+ Kf6
47. a5 Ng3 48. a6 Nf1+ 49. Ke2 Ng3+ 50. Ke1 Nh1 51. a7 Ng3 52. a8=Q Nh1 53.
Qc6+ Kf7 54. Qe6+ Kg7 55. Rxf5 Ng3 56. Rg5+ Kf8 57. Rg8# 1-0

[Event "Lichtenberger Sommer 2017"]
[Site "Berlin"]
[Date "2017.08.22"]
[Round "4.101"]
[White "Chung, Nicholas"]
[Black "Murat, Abylay"]
[Result "0-1"]
[WhiteElo "1417"]
[BlackElo "1400"]
[PlyCount "42"]
[EventDate "2017.??.??"]
[WhiteTeam "TuS Makkabi Berlin"]
[BlackTeam "vereinslos"]

1. d3 e5 2. Nf3 Nc6 3. g3 d5 4. Bg2 Nf6 5. O-O Bc5 6. Re1 e4 7. dxe4 Nxe4 8. e3
Bg4 9. Nbd2 f5 10. a3 Qf6 11. Nb3 O-O-O 12. Qd3 h5 13. h3 Bxf3 14. Bxf3 h4 15.
Bxe4 dxe4 16. Qf1 Bd6 17. Kg2 Qg6 18. g4 fxg4 19. Kh1 g3 20. fxg3 Qxg3 21. Qg2
Qxe1+ 0-1

[Event "Lichtenberger Sommer 2017"]
[Site "Berlin"]
[Date "2017.08.22"]
[Round "4.102"]
[White "Kretzschmar, Gerald"]
[Black "Lange, Johannes Friedrich"]
[Result "1-0"]
[WhiteElo "1360"]
[BlackElo "1545"]
[PlyCount "151"]
[EventDate "2017.??.??"]
[WhiteTeam "USV Halle"]
[BlackTeam "TSG Oberschöneweide"]

1. Nf3 d5 2. c4 e6 3. d4 Nf6 4. Bg5 Be7 5. c5 O-O 6. e3 Nbd7 7. Bd3 c6 8. O-O
Qc7 9. Bf4 Qd8 10. Qc2 Re8 11. Nc3 Nf8 12. Rfe1 Ng6 13. Bxg6 hxg6 14. e4 Nh5
15. Bd2 Qc7 16. e5 g5 17. Nxg5 g6 18. Ne2 Ng7 19. Qc3 Qd8 20. f4 Bxg5 21. fxg5
Nf5 22. Rf1 Kg7 23. Rf3 b6 24. b4 Ba6 25. Ng3 Nxg3 26. Rxg3 Rh8 27. Rb1 Bc4 28.
Qf3 Rb8 29. a3 bxc5 30. dxc5 Qe7 31. Rb2 Rh4 32. Qf6+ Qxf6 33. gxf6+ Kh7 34.
Bg5 Rh5 35. h4 a5 36. Kh2 axb4 37. axb4 Ra8 38. Re3 Kg8 39. Rc3 Rh8 40. Rh3 d4
41. g4 d3 42. Bd2 Ra1 43. g5 Ra2 44. Rxa2 Bxa2 45. h5 gxh5 46. Rxd3 Bd5 47. Ra3
Kh7 48. Kg3 Kg6 49. Kh4 Bc4 50. Rc3 Bb5 51. Ra3 Rd8 52. Be3 Rd5 53. Ra8 Rxe5
54. Bc1 Re4+ 55. Kg3 Rg4+ 56. Kf3 Kf5 57. Rf8 h4 58. Rxf7 Rg3+ 59. Kf2 e5 60.
Rh7 e4 61. Rxh4 Rf3+ 62. Kg2 Bf1+ 63. Kg1 e3 64. Bxe3 Rxe3 65. Kxf1 Kxg5 66.
Rd4 Kxf6 67. Rd6+ Ke5 68. Rxc6 Rb3 69. Rb6 Kd5 70. c6 Rc3 71. b5 Kc5 72. Rb7
Kd6 73. Ke2 Rc4 74. Kd3 Rc1 75. Kd4 Rc5 76. Rd7+ 1-0

[Event "Lichtenberger Sommer 2017"]
[Site "Berlin"]
[Date "2017.08.22"]
[Round "4.103"]
[White "Plaza Reino, Leire"]
[Black "Koerber, Bernhard"]
[Result "0-1"]
[WhiteElo "1253"]
[BlackElo "1574"]
[PlyCount "66"]
[EventDate "2017.??.??"]
[WhiteTeam "Enniscorthy Chess Club"]
[BlackTeam "Lasker Steglitz-Wilmersdorf"]

1. e4 e6 2. d4 d5 3. Nc3 Bb4 4. Bd3 dxe4 5. Bxe4 c5 6. dxc5 Bxc3+ 7. bxc3 Qxd1+
8. Kxd1 Nf6 9. Bd3 O-O 10. Bg5 Nd5 11. Kd2 f6 12. Be3 Nc6 13. Nf3 e5 14. Bc4
Rd8 15. Rhd1 Bg4 16. h3 Bxf3 17. gxf3 Kf8 18. Ke2 Nxc3+ 19. Ke1 Rxd1+ 20. Rxd1
Nxd1 21. Kxd1 Rd8+ 22. Ke2 Nd4+ 23. Bxd4 Rxd4 24. Bb3 Ke7 25. Ke3 Rh4 26. Bd5
Rxh3 27. Bxb7 Kd7 28. c6+ Kc7 29. c4 Rh1 30. Ke4 Ra1 31. a3 Rxa3 32. c5 Ra2 33.
Ke3 a5 0-1

[Event "Lichtenberger Sommer 2017"]
[Site "Berlin"]
[Date "2017.08.22"]
[Round "4.104"]
[White "Kossueva, Fatima"]
[Black "Abraham, Helmut"]
[Result "1-0"]
[WhiteElo "1410"]
[BlackElo "1488"]
[PlyCount "71"]
[EventDate "2017.??.??"]
[WhiteTeam "SC Friesen Lichtenberg"]
[BlackTeam "SC Kreuzberg"]

1. e4 c5 2. Nc3 e6 3. Nf3 Nc6 4. g3 a6 5. a4 Be7 6. Bg2 d6 7. d3 Nf6 8. O-O O-O
9. Be3 Ng4 10. Qe2 Nge5 11. Nxe5 Nxe5 12. f4 Ng6 13. Rad1 Bf6 14. e5 Be7 15. d4
cxd4 16. Bxd4 Re8 17. exd6 Bxd6 18. Ne4 e5 19. Nxd6 Qxd6 20. Bc3 Qe7 21. fxe5
Be6 22. Rfe1 Rac8 23. Qf3 Qc5+ 24. Kh1 Rc7 25. Bd4 Qxc2 26. Rc1 Qxc1 27. Rxc1
Rxc1+ 28. Bg1 Nxe5 29. Qe3 Rxg1+ 30. Kxg1 Nc4 31. Qd4 b5 32. axb5 axb5 33. Bc6
Rb8 34. Bxb5 Rc8 35. Bd7 Rd8 36. Qc5 1-0

[Event "Lichtenberger Sommer 2017"]
[Site "Berlin"]
[Date "2017.08.22"]
[Round "4.105"]
[White "Lange, Christoph"]
[Black "Stark, Steven"]
[Result "0-1"]
[WhiteElo "1292"]
[BlackElo "1474"]
[PlyCount "194"]
[EventDate "2017.??.??"]
[WhiteTeam "TSG Oberschöneweide"]
[BlackTeam "BSC Rehberge"]

1. e4 e5 2. Nf3 d6 3. Bc4 Be7 4. c3 Nf6 5. d3 O-O 6. h3 c6 7. O-O Bd7 8. Re1 b5
9. Bb3 h6 10. d4 Qc7 11. dxe5 dxe5 12. Nbd2 Na6 13. Qe2 Nc5 14. Bc2 Be6 15. b3
Nh7 16. Bb2 f6 17. Ba3 Nb7 18. Bxe7 Qxe7 19. c4 a6 20. Rad1 Nd8 21. Nh4 Qf7 22.
Nf5 Kh8 23. Nf3 Nb7 24. Qe3 Rad8 25. Rxd8 Rxd8 26. Qb6 bxc4 27. Qxc6 cxb3 28.
axb3 Rc8 29. Nd6 Nxd6 30. Qxd6 Rxc2 31. Rd1 Rc8 32. Qxa6 Nf8 33. Rb1 Qc7 34. b4
Qc2 35. Qf1 Qxe4 36. b5 Rb8 37. b6 Qc6 38. b7 Rxb7 39. Rxb7 Qxb7 40. Qd1 Qd5
41. Qxd5 Bxd5 42. Nd2 Kh7 43. g4 Ne6 44. h4 g5 45. hxg5 hxg5 46. Kh2 Nd4 47.
Kg3 Kg6 48. Nf1 Ne2+ 49. Kh2 Nc1 50. Ne3 Bf3 51. Kg3 Ba8 52. Nf5 Ne2+ 53. Kh2
Nd4 54. Ne7+ Kf7 55. Nc8 Ke6 56. Nb6 Bf3 57. Kg3 e4 58. Nc4 Be2 59. Ne3 Bd3 60.
Nd1 Ke5 61. Ne3 Ne2+ 62. Kg2 Ba6 63. Kf1 Bb5 64. Kg2 Nd4 65. Nd1 Ne6 66. Kg3
Nc7 67. Ne3 Ne8 68. f3 exf3 69. Kxf3 Nd6 70. Kg3 Nf7 71. Nf5 Bd7 72. Ne3 Be6
73. Kf3 Nh6 74. Kg3 Nxg4 75. Nxg4+ Bxg4 76. Kxg4 Ke4 77. Kg3 f5 78. Kf2 Kf4 79.
Kg2 Ke3 80. Kf1 f4 81. Ke1 g4 82. Kf1 Kd2 83. Kf2 f3 84. Kf1 g3 85. Kg1 Ke2 86.
Kh1 f2 87. Kg2 f1=Q+ 88. Kxg3 Qf2+ 89. Kg4 Ke3 90. Kg5 Qf4+ 91. Kg6 Ke4 92. Kg7
Qf5 93. Kg8 Kf4 94. Kg7 Kg5 95. Kh8 Kh6 96. Kg8 Qf1 97. Kh8 Qf8# 0-1

[Event "Lichtenberger Sommer 2017"]
[Site "Berlin"]
[Date "2017.08.22"]
[Round "4.106"]
[White "Kossueva, Aminat"]
[Black "Krüger, Antje-Christine"]
[Result "1/2-1/2"]
[WhiteElo "1037"]
[BlackElo "1505"]
[PlyCount "143"]
[EventDate "2017.??.??"]
[WhiteTeam "SC Friesen Lichtenberg"]
[BlackTeam "TSG Fredersdorf/Vogelsdorf"]

1. Nf3 Nf6 2. g3 g6 3. Bg2 Bg7 4. d3 O-O 5. O-O d6 6. e4 Nc6 7. Nc3 e5 8. Nh4
Ne7 9. Ne2 d5 10. f4 exf4 11. gxf4 dxe4 12. dxe4 Nc6 13. Be3 Ng4 14. Qxd8 Rxd8
15. Bc1 Nd4 16. Bf3 Nxe2+ 17. Bxe2 Bd4+ 18. Kg2 Ne3+ 19. Bxe3 Bxe3 20. f5 g5
21. Nf3 f6 22. Rad1 Bd7 23. h4 h6 24. Kg3 Bc6 25. e5 Bf4+ 26. Kg4 fxe5 27. Bc4+
Kg7 28. Rxd8 Rxd8 29. hxg5 Bxf3+ 30. Kxf3 hxg5 31. Be6 Rd4 32. Rf2 e4+ 33. Ke2
e3 34. Rg2 Rd2+ 35. Kf1 Rxg2 36. Kxg2 g4 37. Bd5 b6 38. Kf1 Kf6 39. Be4 Ke5 40.
Bd3 c6 41. Ke2 b5 42. b4 Bg5 43. c3 Kf4 44. Kf1 Bf6 45. c4 bxc4 46. Bxc4 Kxf5
47. b5 cxb5 48. Bxb5 Kf4 49. Kg2 Bh4 50. Bc6 Bf2 51. Kf1 Ke5 52. Kg2 Kd4 53. a4
a5 54. Bb5 Kc3 55. Kf1 g3 56. Bc6 Kd2 57. Bb5 g2+ 58. Kxg2 Ke1 59. Kf3 Kd2 60.
Ba6 Kc3 61. Bb5 Kb4 62. Ke2 Kc3 63. Kf3 Kd2 64. Ba6 Bg1 65. Bb5 Kc3 66. Kg2 Bf2
67. Kf3 Kb4 68. Ke2 Bg1 69. Kf3 Bf2 70. Ke2 Bg1 71. Kf3 Ka3 72. Ke2 1/2-1/2

[Event "Lichtenberger Sommer 2017"]
[Site "Berlin"]
[Date "2017.08.22"]
[Round "4.107"]
[White "Paris, Gerhard"]
[Black "Petersen, Sophie"]
[Result "1-0"]
[WhiteElo "1486"]
[BlackElo "1437"]
[PlyCount "111"]
[EventDate "2017.??.??"]
[WhiteTeam "TSG Oberschöneweide"]
[BlackTeam "SV Rüdersdorf"]

1. e4 c5 2. Nc3 d6 3. g3 Nf6 4. Bg2 g6 5. d3 Bg7 6. h3 O-O 7. Be3 Nc6 8. Qd2
Re8 9. Nge2 Bd7 10. Nd1 Qc7 11. c3 Ne5 12. Rc1 Qc8 13. Bf4 Nh5 14. Ne3 Bb5 15.
Bxe5 Bxe5 16. d4 Bg7 17. c4 Bd7 18. d5 e6 19. Ng4 Rf8 20. Nh6+ Kh8 21. g4 Nf6
22. Ng3 exd5 23. g5 Nxe4 24. Nxe4 dxe4 25. Rc2 Qc7 26. Qe3 Rae8 27. Re2 Qa5+
28. Rd2 Bd4 29. Qa3 Qb6 30. O-O a6 31. Re1 Bc6 32. Ree2 Kg7 33. Qg3 Be5 34. Qe3
Bd4 35. Qg3 Be5 36. Qe3 Qb4 37. Qb3 Qa5 38. Qa3 Qxa3 39. bxa3 f6 40. h4 f5 41.
Rd1 Rd8 42. Red2 Ba4 43. Rb1 b5 44. Bf1 Bc3 45. Rd5 b4 46. axb4 Bxb4 47. a3 Ba5
48. Rb7+ Kh8 49. Nf7+ Kg8 50. Nxd8 Rxd8 51. Ra7 Bc6 52. Rd1 d5 53. Rxa6 Ba4 54.
Rxd5 Bb3 55. Rxd8+ Bxd8 56. Ra8 1-0

[Event "Lichtenberger Sommer 2017"]
[Site "Berlin"]
[Date "2017.08.22"]
[Round "4.108"]
[White "Kultscher, Christian"]
[Black "Chapiro, Daniel"]
[Result "1-0"]
[WhiteElo "1257"]
[BlackElo "837"]
[PlyCount "53"]
[EventDate "2017.??.??"]
[WhiteTeam "1. SC Anhalt"]
[BlackTeam "SC Friesen Lichtenberg"]

1. d4 d5 2. Nc3 Nf6 3. Bf4 a6 4. e3 e6 5. Bd3 c5 6. dxc5 Bxc5 7. Nf3 Nc6 8. O-O
O-O 9. Qe2 b5 10. a3 Bb7 11. b4 Bd6 12. Bg5 h6 13. Bh4 Qe7 14. Rad1 Nb8 15. e4
dxe4 16. Bxe4 Nc6 17. Bxf6 gxf6 18. Rd3 f5 19. Bxc6 Bxc6 20. Rfd1 Bc7 21. Ne5
Bxe5 22. Qxe5 a5 23. Rg3+ Qg5 24. Rxg5+ hxg5 25. h3 axb4 26. axb4 Ra3 27. Nxb5
1-0

[Event "Lichtenberger Sommer 2017"]
[Site "Berlin"]
[Date "2017.08.23"]
[Round "5.1"]
[White "Radovanovic, Jovica"]
[Black "Schneider, Christian"]
[Result "1-0"]
[WhiteElo "2357"]
[BlackElo "2215"]
[PlyCount "61"]
[EventDate "2017.??.??"]
[WhiteTeam "vereinslos"]
[BlackTeam "SG Stadtilm"]

1. d4 Nf6 2. c4 e6 3. g3 d5 4. Bg2 Be7 5. Nf3 O-O 6. O-O dxc4 7. Qc2 a6 8. a4
Bd7 9. Ne5 Bc6 10. Nxc6 Nxc6 11. e3 Na5 12. Nd2 c5 13. Nxc4 cxd4 14. Nxa5 Qxa5
15. exd4 Nd5 16. Bd2 Qb6 17. Bxd5 exd5 18. Bc3 Bf6 19. Qd3 Rfe8 20. Rfe1 Qc6
21. Qf3 Qc4 22. Qf5 Qc6 23. Qf3 g6 24. Kg2 Kg7 25. h4 h5 26. a5 Rad8 27. Rac1
Re4 28. Rxe4 dxe4 29. Qe3 Qd5 30. Re1 Bxd4 31. Rd1 1-0

[Event "Lichtenberger Sommer 2017"]
[Site "Berlin"]
[Date "2017.08.23"]
[Round "5.2"]
[White "Kalka, Arkadius Georg"]
[Black "Polatel, Ali"]
[Result "1-0"]
[WhiteElo "2323"]
[BlackElo "2221"]
[PlyCount "67"]
[EventDate "2017.??.??"]
[WhiteTeam "SC Hansa Dortmund"]
[BlackTeam "SC Zugzwang 95 (Berlin)"]

1. c4 f5 2. g3 Nf6 3. Bg2 g6 4. b4 Bg7 5. Bb2 O-O 6. Nf3 d6 7. O-O e5 8. d3 h6
9. Nbd2 Nc6 10. b5 Ne7 11. Qc2 g5 12. c5 Be6 13. Nc4 f4 14. Nfd2 Ng4 15. h3 Nf6
16. Ne4 Ne8 17. Ned2 Nf5 18. g4 Nh4 19. Bxb7 Rb8 20. Bc6 f3 21. Nxf3 Rxf3 22.
exf3 d5 23. Nd2 Qf6 24. Rae1 Qf4 25. Re3 d4 26. Re2 Nf6 27. Rfe1 Nd5 28. Qc4
Nxf3+ 29. Nxf3 Qxf3 30. Rxe5 Bxe5 31. Rxe5 Qd1+ 32. Kh2 Rf8 33. Qxd4 Rf6 34.
Rxe6 1-0

[Event "Lichtenberger Sommer 2017"]
[Site "Berlin"]
[Date "2017.08.23"]
[Round "5.3"]
[White "Postler, Reinhard"]
[Black "Stern, René"]
[Result "0-1"]
[WhiteElo "2250"]
[BlackElo "2499"]
[PlyCount "72"]
[EventDate "2017.??.??"]
[WhiteTeam "TSG Oberschöneweide"]
[BlackTeam "SK König Tegel"]

1. e4 e5 2. Nf3 Nc6 3. Bb5 a6 4. Ba4 Nf6 5. O-O Be7 6. Re1 b5 7. Bb3 d6 8. c3
O-O 9. a4 b4 10. d3 Rb8 11. Nbd2 Na5 12. Ba2 c5 13. Nc4 Nc6 14. h3 h6 15. Ne3
Be6 16. Bc4 Qc8 17. Nd5 Re8 18. Be3 bxc3 19. bxc3 Na5 20. Nxf6+ Bxf6 21. Bxe6
fxe6 22. c4 Re7 23. Qc2 Reb7 24. Rab1 Nc6 25. Rec1 Nb4 26. Qd1 Na2 27. Rxb7
Qxb7 28. Ra1 Qb2 29. Bd2 Rb3 30. Ne1 Kf7 31. Kf1 Ke7 32. Ba5 Kd7 33. Qc2 Qxc2
34. Nxc2 Rb2 35. Na3 Nb4 36. Rb1 Nxd3 0-1

[Event "Lichtenberger Sommer 2017"]
[Site "Berlin"]
[Date "2017.08.23"]
[Round "5.4"]
[White "Sivri, Gorkem"]
[Black "Ahmadinia, Ebrahim"]
[Result "1-0"]
[WhiteElo "2148"]
[BlackElo "2398"]
[PlyCount "71"]
[EventDate "2017.??.??"]
[WhiteTeam "Ordu Belediyespor"]
[BlackTeam "SF 1903 Berlin"]

1. Nf3 d5 2. e3 Nf6 3. d4 Bf5 4. c4 e6 5. Nc3 c6 6. Qb3 Qb6 7. c5 Qc7 8. Nh4
Be4 9. f3 Bg6 10. g3 Nbd7 11. Bd2 e5 12. O-O-O b6 13. Nxg6 hxg6 14. cxb6 axb6
15. Kb1 Bd6 16. Rc1 Qb7 17. a3 O-O 18. g4 b5 19. Na2 exd4 20. exd4 Nb6 21. h4
Rfb8 22. h5 gxh5 23. g5 Nfd7 24. Rxh5 g6 25. Rh3 Bf8 26. Nb4 Nc4 27. Bxc4 bxc4
28. Rch1 Bg7 29. Qc2 Qc7 30. Rh4 Rxb4 31. Bxb4 Qg3 32. Qe2 Qxg5 33. Qh2 f5 34.
Rh8+ Kf7 35. Rxa8 Qe3 36. Qd6 1-0